Sports Quiz

Random Sports or Cricket Quiz

County Championship Winners (Cricket) Quiz Stats

 Plays Quiz Updated Mar 6, 2020

Support Sporcle.
Go Orange.
Score 0/74 Timer 10:00
6 Plays Today
Year Champion % Correct
1946Yorkshire
77.1%
2019Essex
48.5%
1947Middlesex
43.7%
2017Essex
43.1%
2014Yorkshire
42.9%
2015Yorkshire
42.7%
2018Surrey
41.9%
2016Middlesex
41.7%
2008Durham
37.9%
2013Durham
35.5%
1956Surrey
35.5%
1958Surrey
35.2%
1957Surrey
35.2%
1954Surrey
35.2%
1955Surrey
35.1%
1950Lancashire and Surrey
34.5%
1953Surrey
34.4%
2007Sussex
34.3%
1952Surrey
34.3%
1949Middlesex and Yorkshire
34.3%
1959Yorkshire
33.7%
1960Yorkshire
32.8%
2006Sussex
32%
1962Yorkshire
31.7%
1963Yorkshire
30.8%
2011Lancashire
30.5%
1968Yorkshire
30%
1966Yorkshire
29.1%
1967Yorkshire
28.8%
2012Warwickshire
28.4%
2001Yorkshire
26.4%
2002Surrey
25.8%
2000Surrey
25.7%
1999Surrey
25.6%
2009Durham
25.5%
2003Sussex
24.8%
1948Glamorgan
23.4%
Year Champion % Correct
1977Kent and Middlesex
23.4%
1983Essex
22.9%
1971Surrey
22.9%
1979Essex
22.8%
1984Essex
22.7%
1970Kent
22.5%
1986Essex
22.4%
1991Essex
22.2%
2005Nottinghamshire
22%
1992Essex
21.8%
1980Middlesex
21.4%
1978Kent
20.9%
1961Hampshire
20.7%
1951Warwickshire
20.5%
1985Middlesex
20.5%
2004Warwickshire
20.4%
1982Middlesex
20.3%
1994Warwickshire
19.9%
1995Warwickshire
19.9%
1990Middlesex
19.6%
1976Middlesex
19.5%
1993Middlesex
19.2%
1969Glamorgan
19%
1998Leicestershire
17.9%
1996Leicestershire
17.9%
1975Leicestershire
17.9%
1997Glamorgan
17.8%
1964Worcestershire
17.6%
1981Nottinghamshire
17.4%
1987Nottinghamshire
17.4%
1965Worcestershire
16.9%
1972Warwickshire
16.5%
1973Hampshire
16.1%
1988Worcestershire
16%
1989Worcestershire
15.8%
2010Nottinghamshire
15.6%
1974Worcestershire
14.8%

You're not logged in!

Compare scores with friends on all Sporcle quizzes.
OR
Log In

From the Vault

Five D's of Dodgeball

by MichaelWilson

If you can dodge a wrench, you can dodge a ball.
Remove Ads.
Support Sporcle.
Get the best of Sporcle when you Go Orange. This ad-free experience offers more features, more stats, and more fun while also helping to support Sporcle. Thank you for becoming a member.

Show Comments

Extras

Top Quizzes Today


Score Distribution

Your Account Isn't Verified!

In order to create a playlist on Sporcle, you need to verify the email address you used during registration. Go to your Sporcle Settings to finish the process.

Report this User

Report this user for behavior that violates our Community Guidelines.

Details: